000 00834nam a2200217Ii 4500
003 JO-AjNU
008 230605s9999||||xx |||||||||||||| ||und||
017 _a2005/10/2407
040 _aJO-AjNU
_bara
_erda
_cJO-AjNU
041 _aara
050 1 4 _aQ180.A1.N3296 2006
100 3 _aالحمداني ،موفق / م. مشارك عدنلن الجادري ،عبد الرازاق بني هاني ؛ اشراف سعيد التل ,
_eauthor
_946664
245 0 0 _aمناهج البحث العلمي أساسيات البحث العلمي
250 _aط1
264 3 1 _aعمان: دار الوراق للنشر والتوزيع، 2006
300 _a420ص
336 _atext
_btxt
_2rdacontent
337 _aunmediated
_bn
_2rdamedia
338 _avolume
_bnc
_2rdacarrier
650 4 _aالبحث العلمي -المناهج
_946665
999 _aA20318
_c23886
_d23886